000 00297nam a22001337a 4500
008 170824b xxu||||| |||| 00| 0 eng d
020 _a9780794516291
041 _aeng
080 _a51
100 _a38
101 _aMAT
245 _aILLUSTRADET DICTIONARY OF MATH
_cROGERS,K
942 _2udc
_cBK
999 _c24901
_d24901